Dictée #2 - Statistiques

Statistiques générales
  • Ce quiz a été pris 661 fois
  • Le résultat moyen est 7 sur 10
Statistiques - réponses
Réponse % Correct
gais
95%
dis
87%
verrez
77%
apprendra
76%
contenté
72%
d'entrain
69%
travaillez
69%
légers
53%
maîtres
53%
dispos
44%
Aucun quiz correspondant
Distribution des résultats
% des personnes avec chaque résultat
Percentile par nombre de réponses
Votre historique - résultats
Vous n’avez pas pris ce quiz